000 00612cam a2200205 4500500
005 20260405003813.0
041 _afre
042 _adc
100 1 0 _aLegros, Martin
_eauthor
245 0 0 _aNotre “deadline” est-elle passée ?
260 _c2023.
500 _a11
690 _aAurélien Barrau
690 _aCollapsologie
690 _aCrise
690 _aDestin
690 _aPatrick Boucheron
786 0 _nPhilosophie magazine | 174 | 11 | 2023-11-01 | p. 59-59 | 1951-1787
856 4 1 _uhttps://shs.cairn.info/magazine-philosophie-magazine-2023-11-page-59?lang=fr&redirect-ssocas=7080
999 _c2070964
_d2070964